Statistics for Districts of Ghazni With a Map

Click here to take the quiz!

General Stats

  • This quiz has been taken 9 times
  • The average score is 13 of 19

Answers on the Map

Answers color-coded by a green-red scale on the quiz's map according to % correct below.
 

Answer Stats

District% Correct
Ghazni
100%
Gelan
75%
Jaghori
75%
Malestan
75%
Ab Band
63%
Ajristan
63%
Andar
63%
Dih Yak
63%
Giro
63%
Jaghatu
63%
Khogyani
63%
Khwaja Umari
63%
Muqur
63%
Nawa
63%
Nawur
63%
Qarabagh
63%
Rashidan
63%
Waghaz
63%
Zana Khan
63%

Score Distribution

Percentile by Number Answered

Percent of People with Each Score

Your Score History

You have not taken this quiz